|
|
|
|
| LEADER |
01351nam a22003612i 4500 |
| 001 |
001859880 |
| 003 |
CZ BrMZK |
| 005 |
20230608092324.0 |
| 007 |
ta |
| 008 |
230525s1942 gw er|||||||||||ger d |
| 040 |
|
|
|a BOB001
|b cze
|d BOA001
|e rda
|
| 043 |
|
|
|a e-gx---
|
| 072 |
|
7 |
|a 929.5/.9
|x Genealogie. Heraldika. Šlechta. Vlajky
|2 Konspekt
|9 8
|
| 100 |
1 |
|
|a Sprater, Friedrich
|4 aut
|
| 245 |
1 |
4 |
|a Die Reichskleinodien in der Pfalz /
|c Frierich Sprater
|
| 264 |
|
1 |
|a Ludwigshafen am Rhein ;
|a Saabrücken :
|b Westmarkverlag,
|c 1942
|
| 300 |
|
|
|a 87 stran, 22 nečíslovaných stran obrazových příloh :
|b ilustrace
|
| 336 |
|
|
|a text
|b txt
|2 rdacontent
|
| 337 |
|
|
|a bez média
|b n
|2 rdamedia
|
| 338 |
|
|
|a svazek
|b nc
|2 rdacarrier
|
| 504 |
|
|
|a Obsahuje bibliografii
|
| 650 |
0 |
7 |
|a císařské insignie
|7 ph119310
|2 czenas
|
| 650 |
0 |
7 |
|a korunovační insignie
|7 ph138697
|2 czenas
|
| 650 |
0 |
7 |
|a klenoty
|7 ph121613
|2 czenas
|
| 650 |
0 |
7 |
|a umělecká řemesla
|7 ph126886
|2 czenas
|
| 650 |
0 |
7 |
|a středověk
|7 ph126223
|2 czenas
|
| 651 |
|
7 |
|a Falc Rýnská
|7 ge134194
|2 czenas
|
| 651 |
|
7 |
|a Svatá říše římská
|7 ge131010
|2 czenas
|
| 710 |
2 |
|
|a Westmark-Institut für Landes- und Volksforschung
|
| 910 |
|
|
|a BOA001
|b 1-0239.713
|
| 990 |
|
|
|a BK
|
| 991 |
|
|
|b 202305
|
| 996 |
6 |
|
|b BC-2413521
|c 1-0239.713
|l MZK
|r Sklad / do 1 hodiny
|n 0
|w 001926865
|u 000010
|a 1
|e BOA001
|j MZK50
|s P
|